000 00466nam a2200193Ia 4500
003 GCL
008 140319s9999 xx 000 0 eng d
040 _aGCL /
_cGCL
082 0 4 _a841
_bD J
100 1 _aDUCHENE, ROGER
245 1 0 _aJEAN DE LA FONTAINE /
_cDUCHENE, ROGER
260 _a[S.N] :
_bFAYARD ،
_c1995
300 _a559 P
650 0 4 _aLITERATURE
650 0 4 _aPOETRY
650 0 4 _aFRENCH POETRY
650 0 4 _aFRENCH LITERATURE
942 _2ddc
_cBK
999 _c24330
_d24330